Oceanography / (Record no. 151658)

MARC details
000 -LEADER
fixed length control field 00667nam a22001937a 4500
005 - DATE AND TIME OF LATEST TRANSACTION
control field 20180423112009.0
010 ## - LCCN (DPL NO)
LC control number B-691555-556
020 ## - INTERNATIONAL STANDARD BOOK NUMBER
Terms of availability 250.00
International Standard Book Number 8186204261
035 ## - SYSTEM CONTROL NUMBER
System control number B-691555-556
037 ## - SOURCE OF ACQUISITION
Source of stock number/acquisition R.K.Books
082 ## - DEWEY DECIMAL CLASSIFICATION NUMBER
Classification number 551.46
100 ## - MAIN ENTRY--PERSONAL NAME
Dates associated with a name Lal, D.S.
245 ## - TITLE STATEMENT
Title Oceanography /
Statement of responsibility, etc by D.S. Lal
260 ## - PUBLICATION, DISTRIBUTION, ETC. (IMPRINT)
Place of publication, distribution, etc Delhi
Name of publisher, distributor, etc Sharda Pustak Bhawan
Date of publication, distribution, etc 2017
270 ## - ADDRESS
Address University Road,
City Allahabad
Postal code 211002
300 ## - PHYSICAL DESCRIPTION
Extent 296p.
Dimensions 23cm(pbk)
942 ## - ADDED ENTRY ELEMENTS (KOHA)
Source of classification or shelving scheme Dewey Decimal Classification
Item type English Books
Call number suffix LAL
Classification part 551.46
Holdings
Withdrawn status Lost status Not for loan Collection code Home library Current library Date acquired Source of acquisition Cost, normal purchase price Full call number Barcode Copy number Cost, replacement price Koha item type
      Non-fiction Bawana Bawana 23/04/2018 R.K.Books IN4122/17-18/26.03.2018/897/23.03.2018/27.03.2018 250.00 551.46 LAL B-691556 1 250.00 English Books
      Non-fiction Narela Narela 23/04/2018 R.K.Books IN4122/17-18/26.03.2018/897/23.03.2018/27.03.2018 250.00 551.46 LAL B-691555 1 250.00 English Books

© Delhi Public Library
Hit Counter
free hit counter